Electronics engineering (Record no. 4957)

MARC details
000 -LEADER
fixed length control field 00545nam a2200181Ia 4500
003 - CONTROL NUMBER IDENTIFIER
control field SGT
020 ## - INTERNATIONAL STANDARD BOOK NUMBER
International Standard Book Number 9788122425642
082 ## - DEWEY DECIMAL CLASSIFICATION NUMBER
Classification number 621.381
Item number CHA
100 ## - MAIN ENTRY--PERSONAL NAME
Personal name Chauhan,D.S
245 ## - TITLE STATEMENT
Title Electronics engineering
250 ## - EDITION STATEMENT
Edition statement 2nd Ed.
260 ## - PUBLICATION, DISTRIBUTION, ETC. (IMPRINT)
Name of publisher, distributor, etc New Age International Publication
Place of publication, distribution, etc New Delhi
Year of Publication 2009
300 ## - PAGE DESCRIPTION
No. of Pages 394p.
650 ## - SUBJECT ADDED ENTRY--TOPICAL TERM
Topical term or geographic name as entry element ELECTRONICS ENGINEERING
653 ## - KEYWORDS--INDEX TERM
Keyword term INTRODUCTION TO ELECTRONICS,JUNCTION DIODES,DIODE APPLICATION , BREAKDOWN DIODES, BIPOLAR JUNCTION TRANSISTORS (BJTS)
700 ## - ADDED ENTRY--PERSONAL NAME
Personal name Kulshreshtha,D.C
942 ## - ADDED ENTRY ELEMENTS (KOHA)
Source of classification or shelving scheme Dewey Decimal Classification
Koha item type Books
942 ## - ADDED ENTRY ELEMENTS (KOHA)
-- 2
Holdings
Withdrawn status Lost status Source of classification or shelving scheme Damaged status Not for loan Home library Current library Date acquired SGTU Total Checkouts Full call number Accession No. (Barcode) Date last seen Bill Date Koha item type Date last borrowed
    Dewey Decimal Classification     SGT Engineering Library SGT Engineering Library 28/04/2010 SGTU   621.381 CHA FE1955 09/02/2015 09/02/2015 Books  
    Dewey Decimal Classification     SGT Engineering Library SGT Engineering Library 28/04/2010 SGTU 4 621.381 CHA FE1956 21/07/2021 09/02/2015 Books 03/04/2021
    Dewey Decimal Classification     SGT Engineering Library SGT Engineering Library 28/04/2010 SGTU 3 621.381 CHA FE1957 08/06/2024 09/02/2015 Books 06/06/2024